Kỹ thuật cộng hưởng từ hạt nhân NMR từ thực nghiệm đến cấu trúc

Nội dung sách giới thiệu về phổ một chiều NMR (1D-NMR). Trình bày các ví dụ về phân tịch NMR. Giới thiệu kiến thức cơ bản của phổ NMR hai chiều (2D-NMR), cách giải phổ đưa ra cấu trúc của hợp chất. Trình bày dữ liệu phổ, cách biện luận...

Celý popis

Uloženo v:
Podrobná bibliografie
Hlavní autor: Nguyễn, Thị Thu Trâm
Médium: Kniha
Jazyk:Undetermined
Vydáno: Hà Nội Khoa học Kỹ thuật 2018
Témata:
Tagy: Přidat tag
Žádné tagy, Buďte první, kdo otaguje tento záznam!
Thư viện lưu trữ: Trung tâm Học liệu Trường Đại học Cần Thơ
LEADER 01207nam a2200217Ia 4500
001 CTU_238601
008 210402s9999 xx 000 0 und d
020 |c 108000 
082 |a 541.38 
082 |b Tr120 
100 |a Nguyễn, Thị Thu Trâm 
245 0 |a Kỹ thuật cộng hưởng từ hạt nhân NMR từ thực nghiệm đến cấu trúc 
245 0 |c Nguyễn Thị Thu Trâm, Nguyễn Thanh Bình (chủ biên), Nguyễn Phúc Đảm 
260 |a Hà Nội 
260 |b Khoa học Kỹ thuật 
260 |c 2018 
520 |a Nội dung sách giới thiệu về phổ một chiều NMR (1D-NMR). Trình bày các ví dụ về phân tịch NMR. Giới thiệu kiến thức cơ bản của phổ NMR hai chiều (2D-NMR), cách giải phổ đưa ra cấu trúc của hợp chất. Trình bày dữ liệu phổ, cách biện luận phổ 1D và 2D của một nhóm hợp chất thiên nhiên. 
650 |a Hóa học phóng xạ,Radiation chemistry 
650 |x Lý thuyết,Theory 
910 |b dqhieu 
980 |a Trung tâm Học liệu Trường Đại học Cần Thơ